|
|
|
|
| LEADER |
00000naa2a2200000 4500 |
| 001 |
157699 |
| 005 |
20240214095429.0 |
| 035 |
|
|
|a (RuTPU)RU\TPU\book\171057
|
| 090 |
|
|
|a 157699
|
| 100 |
|
|
|a 20090413d2008 k y0rusy50 ca
|
| 101 |
0 |
|
|a rus
|
| 102 |
|
|
|a RU
|
| 200 |
1 |
|
|a Моделирование твёрдофазного синтеза покрытия на подложке цилиндрической формы в процессе электронно-лучевой обработки
|f С. Н. Сорокова, А. Г. Князева, И. Л. Поболь
|
| 320 |
|
|
|a Библиогр.: 9 назв.
|
| 463 |
|
0 |
|0 (RuTPU)RU\TPU\book\164780
|t Современные проблемы машиностроения
|o труды IV Международной научно-технической конференции, 26-28 ноября 2008 г., Томск
|f Томский политехнический университет (ТПУ)
|v С. 87-92
|d 2008
|p 666 с.
|
| 610 |
1 |
|
|a покрытия
|
| 610 |
1 |
|
|a моделирование
|
| 610 |
1 |
|
|a электронно-лучевая обработка
|
| 610 |
1 |
|
|a двумерные модели
|
| 610 |
1 |
|
|a труды учёных ТПУ
|
| 700 |
|
1 |
|a Сорокова
|b С. Н.
|c специалист в области информатики и вычислительной техники
|c доцент Томского политехнического университета, программист, кандидат физико-математических наук
|f 1981-
|g Светлана Николаевна
|3 (RuTPU)RU\TPU\pers\25593
|9 11523
|
| 701 |
|
1 |
|a Князева
|b А. Г.
|c российский физик
|c профессор Томского политехнического университета, доктор физико-математических наук
|f 1962-
|g Анна Георгиевна
|3 (RuTPU)RU\TPU\pers\25578
|9 11508
|
| 701 |
|
1 |
|a Поболь
|b И. Л.
|
| 801 |
|
1 |
|a RU
|b 63413507
|c 20090413
|g PSBO
|
| 801 |
|
2 |
|a RU
|b 63413507
|c 20140925
|g RCR
|
| 942 |
|
|
|c BK
|